00532nam a2200193 a 4500001001300000003000900013005001700022008004100039020001000080082001500090100001700105245007600122260003700198300000900235500003500244505001300279650002900292700001700321nice12345678IN_TiNIC20260116011532.0050524s0000 lona grp 000 0 eng  ac10000a232.1bFIN aFindlay, F A aRealism of Jesusb Paraphrase and Exposition of the Sermon on the Mount aLondonbHodder & Stoughtonc0000 a240p aincludes index and biblioraphy2 aAppendix aJesus Christ-Messiahship1 aFindlay, F A